Graças e desgraças da corte de El-Rei Tadinho (Registo nº 2580)

Detalhes MARC
000 -Etiqueta do registo
Cabeçalho 00872nam a22002891 4500
005 - Identificador da versão
Campo de controlo 20240813121938.0
095 ## -
-- PTBN00224433
010 ## - Número internacional normalizado dos livros (ISBN)
Número (ISBN) 9722100254
021 ## - Número do Depósito Legal
Código do país PT
Número 10334/85
100 ## - Dados gerais de processamento
Dados gerais de processamento 20070316d2006 da y0pory5003 ba
102 ## - Pais de publicação ou produção
País de publicação Portugal
101 0# - Língua de publicação
Língua do texto, banda sonora, etc. Português
106 ## - Campo de dados codificados: material textual
Dados codificados do material textual r
105 ## - Campo de dados codificados: livros
Dados codificados dos livros a z 000ay
215 ## - Descrição física 
Indicação específica da natureza do documento e extensão da espécie 85 p.
Outras indicações físicas il.
Dimensões 21 cm
200 1# - Titulo e menção de responsabilidade
Título próprio Graças e desgraças da corte de El-Rei Tadinho
Informação de outro título monarca iluminado do Reino das Cem Janelas
Primeira menção de responsabilidade Alice Vieira
Outras menções de responsabilidade il. Teresa Dias Coelho
205 ## - Menção da edição
Menção da edição 14ª ed
210 ## - Publicação, Distribuição, etc. 
Lugar da edição, distribuição, etc. Lisboa
Nome do editor, distribuidor, etc. Caminho
Data da publicação, distribuição, etc. imp. 2006
606 ## - Nome comum usado como assunto
Número de registo de entrada de autoridade 0000364
Palavra de ordem Literatura portuguesa infanto-juvenil
Subdivisão de assunto Conto
675 ## - Classificação Decimal Universal (CDU)
Notação 821.134.3-34
Edição
Língua da edição por
702 #1 - Nome de autor-pessoa física (responsabilidade secundária)
Número de registo de entrada de autoridade 0001367
Palavra de ordem Coelho
Outra parte do nome não tomada para palavra de ordem Teresa Dias
Datas 1953-
Código de função Ilustrador / Técnico de desenho computorizado
700 #1 - Nome de autor-pessoa física (responsabilidade principal)
Número de registo de entrada de autoridade 0000058
Palavra de ordem Vieira
Outra parte do nome não tomada para palavra de ordem Alice
Datas 1943-
942 ## - Elementos de entrada adicionados (Koha)
Tipo de item no Koha Livro
Exemplares
Situação do levantamento Origin of item (home branch) (coded) Biblioteca de empréstimo Código de barras Cota Circulation type (not for loan) Tipo de documento Nota do exemplar Damaged status
  Biblioteca Escolar da Coca Maravilhas Biblioteca Escolar da Coca Maravilhas BECM8190/07 8POR VIE   Livro Sem mensagem